000 00290nam a2200097Ia 4500
008 240331s9999 xx 000 0 und d
082 _a294.3
_bRAH
100 _aRahula thera,
245 4 _aThe way to peace and happiness :
_ba penetrating study in tob the teachings of Gothama Buiddha
942 _cL
999 _c928
_d928